[Event "Niederbayernliga 0910"]
[Site "Germany"]
[Date "2010.03.21"]
[Round "8.8"]
[White "Putz, Christian"]
[Black "Janker, Johann"]
[Result "0-1"]
[WhiteElo "1244"]
[BlackElo "1607"]
[PlyCount "82"]
[EventDate "2009.10.18"]
[EventType "team-tourn"]
[EventRounds "9"]
[EventCountry "GER"]
[SourceTitle "EXT 2011"]
[Source "ChessBase"]
[SourceDate "2010.11.26"]
[SourceVersion "1"]
[SourceVersionDate "2010.11.26"]
[SourceQuality "1"]
[WhiteTeam "Simbach"]
[BlackTeam "Geiselhoering"]
[WhiteTeamCountry "GER"]
[BlackTeamCountry "GER"]

1. e4 d5 2. f3 d4 3. Bc4 e6 4. d3 Bd6 5. Ne2 c5 6. Bf4 a6 7. Bg3 Nc6 8. Bf2 b5 9. Bb3 e5 10. c3 Nge7 11. Bh4 Qd7 12. 0-0 Ng6 13. Bg3 0-0 14. f4 exf4 15. Nxf4 Bxf4 16. Bxf4 Nce5 17. Bc2 Nxf4 18. Rxf4 Qd6 19. Rh4 Ng6 20. Rh5 Be6 21. Qe2 Nf4 22. Qf3 Nxh5 23. Qxh5 Rac8 24. Nd2 Qf4 25. Qe2 Bg4 26. Qf2 Qxf2+ 27. Kxf2 Be6 28. Nb3 Bxb3 29. axb3 Rc6 30. Bd1 f5 31. exf5 Rxf5+ 32. Bf3 Rd6 33. Ke2 Kf7 34. c4 bxc4 35. bxc4 Rb6 36. Rb1 h6 37. g4 Rff6 38. Kf2 Rb3 39. Ke2 Rfb6 40. Kf1 Rxb2 41. Rxb2 Rxb2 0-1

[Event "Niederbayernliga 0910"]
[Site "Germany"]
[Date "2009.10.18"]
[Round "1.8"]
[White "Putz, Christian"]
[Black "Schied, Daniel"]
[Result "0-1"]
[WhiteElo "1244"]
[BlackElo "1200"]
[PlyCount "55"]
[EventDate "2009.10.18"]
[EventType "team-tourn"]
[EventRounds "9"]
[EventCountry "GER"]
[SourceTitle "EXT 2011"]
[Source "ChessBase"]
[SourceDate "2010.11.26"]
[SourceVersion "1"]
[SourceVersionDate "2010.11.26"]
[SourceQuality "1"]
[WhiteTeam "Simbach"]
[BlackTeam "Straubing"]
[WhiteTeamCountry "GER"]
[BlackTeamCountry "GER"]

1. e4 e5 2. Nf3 Nf6 3. Nc3 Nc6 4. Bc4 h6 5. d4 exd4 6. Nxd4 Bb4 7. Nde2 Nxe4 8. Qd3 Nf6 9. 0-0 0-0 10. Qg3 Kh8 11. Qh4 Nh7 12. Qh5 Nf6 13. Qh4 Ne5 14. Bb3 Bc5 15. Ne4 Ng6 16. Qh3 Nxe4 17. Bxh6 gxh6 18. Qxh6+ Kg8 19. Qxg6+ Kh8 20. Qxe4 Qg5 21. Bxf7 Rxf7 22. Rad1 Re7 23. Qf3 c6 24. Ng3 d5 25. Rfe1 Bg4 26. Qc3+ d4 27. Rxd4 Rxe1+ 28. Qxe1 0-1

[Event "Niederbayernliga 0809"]
[Site "Germany"]
[Date "2009.03.29"]
[Round "9.8"]
[White "Putz, Christian"]
[Black "Pledl, Thomas"]
[Result "0-1"]
[WhiteElo "1330"]
[BlackElo "1656"]
[PlyCount "65"]
[EventDate "2008.10.05"]
[EventType "team-tourn"]
[EventRounds "9"]
[EventCountry "GER"]
[SourceTitle "EXT 2010"]
[Source "ChessBase"]
[SourceDate "2010.11.25"]
[SourceVersion "1"]
[SourceVersionDate "2010.11.25"]
[SourceQuality "1"]
[WhiteTeam "Simbach"]
[BlackTeam "Bayerwald"]
[WhiteTeamCountry "GER"]
[BlackTeamCountry "GER"]

1. e4 e5 2. Nf3 d6 3. Nc3 Nf6 4. d3 h6 5. Be3 Be7 6. d4 exd4 7. Bxd4 Nc6 8. Be3 a6 9. Bc4 b5 10. Bb3 Bb7 11. 0-0 Na5 12. Qd3 Nxb3 13. axb3 0-0 14. h3 Re8 15. Nd5 Nd7 16. Bd4 Bf6 17. Rfe1 Ne5 18. Nxf6+ Qxf6 19. Nxe5 dxe5 20. Bc3 Rad8 21. Qg3 Qe6 22. f4 f6 23. f5 Qb6+ 24. Kh1 b4 25. Rad1 bxc3 26. bxc3 Bxe4 27. Qg6 Bxc2 28. Rd5 Bxf5 29. Qh5 Rxd5 30. Qxe8+ Kh7 31. Qh5 Qc6 32. Qxf5+ g6 33. Qe4 0-1

[Event "Niederbayernliga 0809"]
[Site "Germany"]
[Date "2009.02.01"]
[Round "6.8"]
[White "Oberpriller, Johannes"]
[Black "Putz, Christian"]
[Result "1-0"]
[WhiteElo "1743"]
[BlackElo "1330"]
[PlyCount "69"]
[EventDate "2008.10.05"]
[EventType "team-tourn"]
[EventRounds "9"]
[EventCountry "GER"]
[SourceTitle "EXT 2010"]
[Source "ChessBase"]
[SourceDate "2010.11.25"]
[SourceVersion "1"]
[SourceVersionDate "2010.11.25"]
[SourceQuality "1"]
[WhiteTeam "Ergolding"]
[BlackTeam "Simbach"]
[WhiteTeamCountry "GER"]
[BlackTeamCountry "GER"]

1. d4 d5 2. c4 e6 3. Nc3 Nc6 4. Nf3 Bb4 5. Bf4 Nf6 6. e3 Ne4 7. Rc1 Qf6 8. Bxc7 0-0 9. Bd3 Nxc3 10. bxc3 Ba5 11. Bd6 Rd8 12. Bf4 dxc4 13. Bg5 Qxg5 14. Bxh7+ Kxh7 15. Nxg5+ Kg8 16. Qh5 f6 17. Qh7+ Kf8 18. Qh8+ Ke7 19. Qxg7+ Kd6 20. Ne4+ Kd5 21. Nxf6+ Kd6 22. Ne4+ Kd5 23. Nd2 e5 24. e4+ Kd6 25. Nxc4+ Ke6 26. d5+ Rxd5 27. exd5+ Kxd5 28. Nxa5 Nxa5 29. Rd1+ Kc6 30. Qf6+ Kb5 31. Qxe5+ Ka4 32. Rd4+ Ka3 33. Qxa5+ Kb2 34. Rd2+ Kc1 35. Ke2# 1-0

[Event "Niederbayernliga 0708"]
[Site "Germany"]
[Date "2007.04.20"]
[Round "9.8"]
[White "Fesl, Michael"]
[Black "Putz, Christian"]
[Result "0-1"]
[WhiteElo "1600"]
[BlackElo "1172"]
[PlyCount "91"]
[EventDate "2007.10.21"]
[EventType "team"]
[EventRounds "9"]
[EventCountry "GER"]
[SourceTitle "EXT 2009"]
[Source "ChessBase"]
[SourceDate "2008.11.26"]
[SourceVersion "1"]
[SourceVersionDate "2008.11.26"]
[SourceQuality "1"]
[WhiteTeam "Schaibing"]
[BlackTeam "Simbach"]
[WhiteTeamCountry "GER"]
[BlackTeamCountry "GER"]

1. d4 d5 2. Nf3 Nc6 3. e3 Bf5 4. Bb5 Qd6 5. c3 a6 6. Qa4 Bd7 7. 0-0 Nf6 8. Nbd2 Na7 9. Bxd7+ Nxd7 10. e4 e5 11. dxe5 Qe6 12. exd5 Qxd5 13. Nb3 Nc6 14. Bg5 h6 15. Bf4 b5 16. c4 Qe4 17. Nbd2 Qxf4 18. Qc2 Ncxe5 19. Nxe5 Nxe5 20. g3 Qd4 21. Rae1 0-0-0 22. cxb5 Qxd2 23. Qf5+ Nd7 24. bxa6 Qd6 25. a7 Kb7 26. Rd1 Qe6 27. Qa5 Qa6 28. Qd5+ Kxa7 29. Qxf7 Qb5 30. Rd5 Qc6 31. Rfd1 Ne5 32. Ra5+ Kb6 33. Qb3+ Kxa5 34. Rxd8 Nf3+ 35. Kf1 Nxh2+ 36. Kg1 Nf3+ 37. Kf1 Qc1+ 38. Kg2 Qc6 39. Rd5+ Ka6 40. Qxf3 Bc5 41. Qd3+ Ka5 42. Qc4 Kb6 43. a4 Rd8 44. a5+ Kb7 45. a6+ Ka8 46. Qxc5 0-1